Catalog

Record Details

Catalog Search



Playing for pizza Cover Image Large Print Book Large Print Book

Playing for pizza [large print] / by John Grisham.

Grisham, John.: (author).

Summary:

Rick Dockery was the third-string quarterback for the Cleveland Browns. In the AFC Championship game against Denver, to the surprise and dismay of virtually everyone, Rick actually got into the game. With a 17-point lead and just minutes to go, Rick provided what was arguably the worst single performance in the history of the NFL. Overnight, he became a national laughingstock and, of course, was immediately cut by the Browns and shunned by all other teams. But all Rick knows is football, and he insists that his agent, Arnie, find a team that needs him. Against enormous odds Arnie finally locates just such a team and informs Rick that, miraculously, he can in fact now be a starting quarterback–for the mighty Panthers of Parma, Italy. Yes, Italians do play American football, to one degree or another, and the Parma Panthers desperately want a former NFL player–any former NFL player–at their helm. So Rick reluctantly agrees to play for the Panthers–at least until a better offer comes along–and heads off to Italy. He knows nothing about Parma, has never been to Europe, and doesn’t speak or understand a word of Italian. To say that Italy holds a few surprises for Rick Dockery would be something of an understatement.

Record details

  • ISBN: 9780739327753
  • ISBN: 0739327755
  • ISBN: 9780739487891
  • ISBN: 0739487892
  • Physical Description: 416 pages (large print) ; 21 cm
  • Edition: [Large print edition]
  • Publisher: New York : Random House Large Print, c2007.
Subject: Quarterbacks (Football) > Fiction.
Americans > Travel > Italy > Fiction.
Football > Fiction.
Parma (Italy) > Social life and customs > Fiction.
Genre: Football stories.
Fiction.
Novels.

Available copies

  • 1 of 1 copy available at scottsboropl.

Holds

  • 0 current holds with 1 total copy.
Show Only Available Copies
Location Call Number / Copy Notes Barcode Shelving Location Status Due Date
scottsboropl F Gri 32269000795925 Adult - Fiction Available -

LDR 01040pam a2200289 a 4500
001130031
003SBPL
00520140703073305.0
008070808r20072007nyu d 000 1 eng
010 . ‡a 2007032867
020 . ‡a9780739327753 ‡q(pbk. ; ‡qlg. print)
020 . ‡a0739327755 ‡q(pbk. ; ‡qlg. print)
020 . ‡a9780739487891
020 . ‡a0739487892
035 . ‡a(CONS)130031
035 . ‡a(OCoLC)152580324 ‡z(OCoLC)156817708 ‡z(OCoLC)670303504 ‡z(OCoLC)1056991881 ‡z(OCoLC)1303772871
08200. ‡a813/.54 ‡222
1001 . ‡aGrisham, John.: ‡eauthor
24510. ‡aPlaying for pizza ‡h[large print] / ‡cby John Grisham.
250 . ‡a[Large print edition]
260 . ‡aNew York : ‡bRandom House Large Print, ‡cc2007.
300 . ‡a416 pages (large print) ; ‡c21 cm
336 . ‡atext ‡btxt ‡2rdacontent
337 . ‡aunmediated ‡bn ‡2rdamedia
338 . ‡avolume ‡bnc ‡2rdacarrier
520 . ‡aRick Dockery was the third-string quarterback for the Cleveland Browns. In the AFC Championship game against Denver, to the surprise and dismay of virtually everyone, Rick actually got into the game. With a 17-point lead and just minutes to go, Rick provided what was arguably the worst single performance in the history of the NFL. Overnight, he became a national laughingstock and, of course, was immediately cut by the Browns and shunned by all other teams. But all Rick knows is football, and he insists that his agent, Arnie, find a team that needs him. Against enormous odds Arnie finally locates just such a team and informs Rick that, miraculously, he can in fact now be a starting quarterback–for the mighty Panthers of Parma, Italy. Yes, Italians do play American football, to one degree or another, and the Parma Panthers desperately want a former NFL player–any former NFL player–at their helm. So Rick reluctantly agrees to play for the Panthers–at least until a better offer comes along–and heads off to Italy. He knows nothing about Parma, has never been to Europe, and doesn’t speak or understand a word of Italian. To say that Italy holds a few surprises for Rick Dockery would be something of an understatement.
650 0. ‡aQuarterbacks (Football) ‡vFiction.
650 0. ‡aAmericans ‡xTravel ‡zItaly ‡vFiction.
650 0. ‡aFootball ‡vFiction.
651 0. ‡aParma (Italy) ‡xSocial life and customs ‡vFiction.
655 7. ‡aFootball stories. ‡2lcgft
655 7. ‡aFiction. ‡2lcgft
655 7. ‡aNovels. ‡2lcgft
901 . ‡a130031 ‡bUnknown ‡c130031 ‡tbiblio

Additional Resources